| 000 -LEADER |
| fixed length control field |
00723nam a2200181 a 4500 |
| 001 - CONTROL NUMBER |
| control field |
:::00014129$&:&@@ |
| 003 - CONTROL NUMBER IDENTIFIER |
| control field |
OkBaRHE |
| 005 - DATE AND TIME OF LATEST TRANSACTION |
| control field |
20100325145315.0 |
| 008 - FIXED-LENGTH DATA ELEMENTS--GENERAL INFORMATION |
| fixed length control field |
s1975 j 000 0 eng u |
| 040 ## - CATALOGING SOURCE |
| Transcribing agency |
|
| 245 10 - TITLE STATEMENT |
| Title |
Family word finder: |
| Remainder of title |
a new thesaurus of synonyms and antonyms in dictionary form. |
| Statement of responsibility, etc |
[Prepared by the editors of the Reader's digest in association with Stuart B. Flexner]. |
| 260 ## - PUBLICATION, DISTRIBUTION, ETC. (IMPRINT) |
| Place of publication, distribution, etc |
Pleasantville, NY., : |
| Name of publisher, distributor, etc |
Reader's Digest Association |
| Date of publication, distribution, etc |
1975 |
| 300 ## - PHYSICAL DESCRIPTION |
| Extent |
896 p. ; |
| Dimensions |
25 cm. |
| 650 ## - SUBJECT ADDED ENTRY--TOPICAL TERM |
| Topical term or geographic name as entry element |
English Language |
| General subdivision |
Synonyms and Antonyms |
| 700 ## - ADDED ENTRY--PERSONAL NAME |
| Personal name |
Flexner, Stuart Berg. |
| 942 ## - ADDED ENTRY ELEMENTS (KOHA) |
| Source of classification or shelving scheme |
|
| Koha item type |
Books |